Le guide des maisons d'artistes et d'écrivains en région parisienne/ (Record no. 25113)

MARC details
000 -LEADER
campo de control de longitud fija 01473cam a2200397Mi 4500
001 - NÚMERO DE CONTROL
campo de control 73762
005 - FECHA Y HORA DE LA ÚLTIMA TRANSACCIÓN
campo de control 20230410103741.0
006 - CÓDIGOS DE INFORMACIÓN DE LONGITUD FIJA--CARACTERÍSTICAS DEL MATERIAL ADICIONAL
campo de control de longitud fija aa 000 0
008 - DATOS DE LONGITUD FIJA--INFORMACIÓN GENERAL
campo de control de longitud fija 950601s1995 fr ao 001 0 fre d
035 ## - NÚMERO DE CONTROL DEL SISTEMA
Número de control de sistema (OCoLC)ocn263569347
040 ## - FUENTE DE CATALOGACIÓN
Centro catalogador/agencia de origen HEBIS
Lengua de catalogación ger
Centro/agencia transcriptor HEBIS
020 ## - NÚMERO INTERNACIONAL ESTÁNDAR DEL LIBRO
Número Internacional Estándar del Libro 2737703719
020 ## - NÚMERO INTERNACIONAL ESTÁNDAR DEL LIBRO
Número Internacional Estándar del Libro 9782737703713
035 ## - NÚMERO DE CONTROL DEL SISTEMA
Número de control de sistema (OCoLC)263569347
050 14 - SIGNATURA TOPOGRÁFICA DE LA BIBLIOTECA DEL CONGRESO
Número de clasificación 318 DC 708
Número de ítem C211g 1995
100 1# - ENTRADA PRINCIPAL--NOMBRE DE PERSONA
Nombre de persona Camus, Dominique
245 13 - MENCIÓN DEL TÍTULO
Título Le guide des maisons d'artistes et d'écrivains en région parisienne/
Mención de responsabilidad, etc. Dominique Camus; photographies de Thibaut de Wurstemberger
260 ## - PUBLICACIÓN, DISTRIBUCIÓN, ETC.
Lugar de publicación, distribución, etc. Lyon :
Nombre del editor, distribuidor, etc. Editions La Manufacture,
Fecha de publicación, distribución, etc. 1995.
300 ## - DESCRIPCIÓN FÍSICA
Extensión 298 p.:
Otras características físicas ill., photgrs.;
Dimensiones 23cm.
440 #0 - MENCIÓN DE SERIE/PUNTO DE ACCESO ADICIONAL--TÍTULO
Título Les Guides de La Manufacture.
500 ## - NOTA GENERAL
Nota general Includes index
505 0# - NOTA DE CONTENIDO CON FORMATO
Nota de contenido con formato Les maisons de peintres-- Les maisons de sculpteurs-- Les maisons de musiciens-- Les maisons d'ecrivains.
650 #4 - PUNTO DE ACCESO ADICIONAL DE MATERIA--TÉRMINO DE MATERIA
Término de materia o nombre geográfico como elemento de entrada Primera Jornada de Catalogación.
650 #0 - PUNTO DE ACCESO ADICIONAL DE MATERIA--TÉRMINO DE MATERIA
Término de materia o nombre geográfico como elemento de entrada Artists' studios
Subdivisión geográfica France
Subdivisión general Guidebooks
650 #0 - PUNTO DE ACCESO ADICIONAL DE MATERIA--TÉRMINO DE MATERIA
Término de materia o nombre geográfico como elemento de entrada Authors
Subdivisión general Dwellings
Subdivisión geográfica France.
Subdivisión general Guidebooks
650 #0 - PUNTO DE ACCESO ADICIONAL DE MATERIA--TÉRMINO DE MATERIA
Término de materia o nombre geográfico como elemento de entrada Artistes
Subdivisión general Résidences et lieux familiers
Subdivisión geográfica France.
Subdivisión general History
650 #0 - PUNTO DE ACCESO ADICIONAL DE MATERIA--TÉRMINO DE MATERIA
Término de materia o nombre geográfico como elemento de entrada Artistas, estudios
Subdivisión geográfica Francia.
Subdivisión general Guia
650 #0 - PUNTO DE ACCESO ADICIONAL DE MATERIA--TÉRMINO DE MATERIA
Término de materia o nombre geográfico como elemento de entrada Autores
Subdivisión general Viviendas
Subdivisión geográfica Francia
Subdivisión general Guia
650 #0 - PUNTO DE ACCESO ADICIONAL DE MATERIA--TÉRMINO DE MATERIA
Término de materia o nombre geográfico como elemento de entrada Artistas
Subdivisión general Residencias y lugares familiares
Subdivisión geográfica Francia
Subdivisión general Historia
650 #4 - PUNTO DE ACCESO ADICIONAL DE MATERIA--TÉRMINO DE MATERIA
Término de materia o nombre geográfico como elemento de entrada CES
650 #4 - PUNTO DE ACCESO ADICIONAL DE MATERIA--TÉRMINO DE MATERIA
Término de materia o nombre geográfico como elemento de entrada Colección Enriquillo Sánchez
700 1# - ENTRADA AGREGADA--NOMBRE PERSONAL
Nombre de persona Wurstemberger, Thibaut de
Término indicativo de función/relación photgrs.
942 ## - ELEMENTOS DE ENTRADA SECUNDARIOS (KOHA)
Fuente del sistema de clasificación o colocación Clasificación de Library of Congress
Tipo de ítem Koha
946 ## - PROCESAMIENTO DE INFORMACIÓN LOCAL (OCLC)
a mjcruz
994 ## -
-- C0
-- DRFGD
Holdings
Estatus retirado Estado de pérdida Fuente del sistema de clasificación o colocación Estado de daño No para préstamo Colección Biblioteca de origen Biblioteca actual Ubicación en estantería Fecha de adquisición Serial enumeration / chronology Signatura topográfica completa Código de barras Visto por última vez Copia número Tipo de ítem Koha
    Clasificación de Library of Congress     Recursos Regionales Biblioteca Juan Bosch Biblioteca Juan Bosch Recursos Regionales (2do. Piso) 10/04/2023 1 318 DC 708 C211g 1995 00000065485 23/10/2018 1